000 00659cas a22002175a 4500
001 L138569
008 070621d19901998xxkzr p 0 a0eng u
022 1 _a0960-2712
035 _a(Sirsi) u138569
041 0 _aeng
245 0 0 _aJournal of Property Valuation and Investment
260 _aLondon
_bHenry Stewart Publications
_c1990-1998
362 0 _aLondon: 9(1) Autumn 1990-16(5) 1998
554 _aFive per year
651 4 _aInternational
690 _aPROPERTY
780 0 0 _tJournal of Property Finance
_x0958-868X
780 0 0 _tJournal of Valuation
_x0263-7480
785 0 0 _tJournal of Property Investment and Finance
_x1463-578X
942 _n0
999 _c118996
_d118996